Quiz o roku 2022 - Statystyki

Ogólne statystyki
  • Ten quiz został rozwiązany 18 razy
  • Średni wynik to 10 z 20
Statystyki odpowiedzi
Podpowiedź Odpowiedź % Poprawnych
Z kolei ta polska rzeka uległa latem katastrofie ekologicznej Odra
92%
Na ten rok Mata zaplanował kandydowanie na prezydenta Polski, po tym jak trafił do aresztu za posiadanie 1,5 grama marihuany 2040
77%
Przez tą mierzeję przepływa otwarty we wrześniu kanał wodny Mierzeja Wiślana
77%
Najdłużej panująca w historii kobieta jako królowa Wielkiej Brytanii - 70 lat, aż do swojej śmierci w 2022 Elżbieta II
69%
Broń strzelecka której przypadkowo użyto w... Komendzie Głównej Policji w Warszawie Granatnik
62%
Absolutna legenda piłki nożnej, o jej śmierci dowiedzieliśmy się 2 tygodnie po zakończeniu MŚ w Katarze. Pelé
62%
Te dwie republiki znajdujące się teoretycznie na terenie Ukrainy, zostały najpierw uznane, a potem anektowane przez Federację Rosyjską w 2022 roku Doniecka Rep. Ludowa, Ługańska Rep. Ludowa
54%
Transfer do tego klubu zaliczył Robert Lewandowski FC Barcelona
54%
Robot który zadebiutował w jednej z sieci sklepów w Warszawskiej galerii Arkadia Kerfuś
54%
Selekcjoner który wprowadził reprezentację Polski do fazy pucharowej mundialu po 36 latach; trenował ich niecały rok, był nieco kontrowersyjny przez swoje powiązania z aferą korupcyjną (!!!711!!!) Czesław Michniewicz
46%
Słynny YouTuber znany ze speedrunowania Minecrafta, jego face reveal spotkał się z mieszanymi opiniami Dream
46%
Ten rosyjski region miał po "udanym referendum 97,9%" zostać włączony do terytorium Czech Kaliningrad / Královec
46%
Pierwszy Polak, który sędziował finał Mistrzostw Świata w Katarze, wygrany po długiej walce przez Argentynę Szymon Marciniak
46%
Słowik, lider TEJ organizacji przestępczej, został twarzą gali MMA VIP. Spotkało się to z masowym bojkotem zapoczątkowanym przez Krzysztofa Stanowskiego Mafia Pruszkowska
38%
Rodzaj tokenu nieco różniącego się od kryptowalut, do jego popularności przyczyniły się m.in. niezwykle drogie obrazki cyfrowe czy inne przedmioty kolekcjonerskie, jak album muzyczny. NFT
38%
Utwór tej piosenkarki ponownie stał się hitem dzięki czwartemu sezonowi "Stranger Things" Kate Bush
31%
Ten amerykański komik otrzymał "liścia" na gali Oscarów od Willa Smitha za obraźliwy żart o jego żonie Chris Rock
23%
Polski film biograficzny opowiadający historię ks. Jana Kaczkowskiego Johnny
23%
Na ten długo wyczekiwany sequel fani przychodzili w garniturach mimo premiery w upalny dzień 1 lipca Minionki: Wejście Gru
23%
Drużyna w której po Draftcie w NBA zadebiutował Jeremy Sochan San Antonio Spurs
23%
Nie znaleziono quizów pasujących do podanych kryteriów
Rozkład punktacji
Procent ludzi z każdym wynikiem
Percentyl według liczby udzielonych odpowiedzi
Twoja historia wyników
Nie rozwiązałeś tego quizu